01017nam a22002897a 45000010005000000030006000050050017000110080041000280200018000690400029000870500014001160820016001301000019001462450102001652600038002673000049003054900016003545050008003705200069003785210020004475210020004676500038004877000040005259420015005659990015005809520132005954962FISKH20241028153548.0241028b cb ||||| |||| 00| 0 eng d a9781606310281 aFISKHbengcFISKHdFISKH aBL795.M65 a398.4093803 aKelly, Sophia  aWhat a Beast ! : bA Look-it-Up Guide to the Monsters and Mutants of Mythology /cby Sophia Kelly aNew York : bScholastic ;c2010 . a128 pages : bcolor illustrations ;c24 cm . aMythlopedia aZ  aDescribes some of the creatures and monsters in Greek mythology.8 a920 bLexile 8 aZ bRaz-Plus  aMonstersvEncyclopedia, Juvenile  aHansen, Williamecontent consultant 2ddccBKn0 c4962d4962 00102ddc40708NFICa001b001cSNSd2024-10-28l0oKEL 398.4093803 BL795.M65pFISSE00710r2024-10-28 15:35:45w2024-10-28yBK